[Event "FRA-ch U20"]
[Site "Europe Echecs INT"]
[Date "2020.07.12"]
[Round "9"]
[White "Guerin, Juliette"]
[Black "Decurninge, Brice"]
[Result "1-0"]
[WhiteElo "1918"]
[BlackElo "1582"]
[PlyCount "133"]
[EventDate "2020.07.12"]
[EventType "swiss (rapid)"]
[EventRounds "9"]
[EventCountry "FRA"]
[SourceTitle "EXT 2021"]
[Source "ChessBase"]
[SourceDate "2020.10.23"]
[SourceVersion "1"]
[SourceVersionDate "2020.10.23"]
[SourceQuality "1"]

1. e4 e6 2. d4 d5 3. Nd2 Nf6 4. e5 Nfd7 5. c3 c5 6. Bd3 Nc6 7. Ne2 cxd4 8. cxd4 f6 9. Nf4 Nxd4 10. exf6 Nxf6 11. Qa4+ Nc6 12. 0-0 Bd6 13. Bb5 0-0 14. Nf3 Qc7 15. Ne2 Ne4 16. Ng3 Nc5 17. Qh4 Be7 18. Bg5 Bxg5 19. Qxg5 Qf4 20. Qh5 Ne7 21. Rfe1 Nf5 22. Nxf5 Rxf5 23. Qe8+ Rf8 24. Qe7 Ne4 25. Bd3 b6 26. Re2 Nc5 27. Bc2 Bd7 28. Rae1 Rae8 29. Qg5 Qxg5 30. Nxg5 h6 31. Nf3 Bb5 32. Re3 Rf6 33. Nd4 Bd7 34. f3 Kf7 35. b4 Nb7 36. a3 Nd6 37. Bd3 Nf5 38. Nxf5 exf5 39. Rxe8 Bxe8 40. Re5 g6 41. Rxd5 Ke7 42. Kf2 Rd6 43. Re5+ Re6 44. Rd5 Rd6 45. Rxd6 Kxd6 46. Ke3 Bc6 47. Kd4 Ba4 48. f4 Bb3 49. g3 a5 50. Bb5 axb4 51. axb4 Bd1 52. Be8 Bh5 53. Kc4 Ke7 54. Bc6 Kd6 55. Kb5 Kc7 56. Be8 Kb7 57. h3 Kc7 58. Bf7 Kb7 59. Be6 Be2+ 60. Ka4 Kc6 61. Bf7 g5 62. fxg5 hxg5 63. Be8+ Kb7 64. Bd7 f4 65. gxf4 gxf4 66. h4 f3 67. Bg4 1-0

[Event "FRA-ch U20"]
[Site "Europe Echecs INT"]
[Date "2020.07.12"]
[Round "5"]
[White "Morata, Jules"]
[Black "Guerin, Juliette"]
[Result "0-1"]
[WhiteElo "1568"]
[BlackElo "1918"]
[PlyCount "68"]
[EventDate "2020.07.12"]
[EventType "swiss (rapid)"]
[EventRounds "9"]
[EventCountry "FRA"]
[SourceTitle "EXT 2021"]
[Source "ChessBase"]
[SourceDate "2020.10.23"]
[SourceVersion "1"]
[SourceVersionDate "2020.10.23"]
[SourceQuality "1"]

1. e4 c5 2. d4 cxd4 3. c3 dxc3 4. Nxc3 Nc6 5. Nf3 e6 6. Bc4 a6 7. 0-0 Nge7 8. Qe2 Ng6 9. Rd1 b5 10. Bb3 Be7 11. Bc2 0-0 12. b3 Bb7 13. Bb2 f6 14. Rac1 Rc8 15. a4 b4 16. Na2 Qe8 17. Qd3 d6 18. Nd4 Nxd4 19. Qxd4 Nf4 20. Qe3 e5 21. Nxb4 Qg6 22. g3 Nh3+ 23. Kf1 a5 24. Nd5 Bxd5 25. exd5 Rxc2 26. g4 Rxf2+ 27. Ke1 Qxg4 28. Qxf2 Nxf2 29. Kxf2 f5 30. Rg1 Bh4+ 31. Ke3 Qe4+ 32. Kd2 Bf2 33. Rgd1 Be3+ 34. Kc3 Rc8# 0-1

[Event "FRA-ch U20"]
[Site "Europe Echecs INT"]
[Date "2020.07.12"]
[Round "1"]
[White "Travadon, Loic"]
[Black "Guerin, Juliette"]
[Result "1-0"]
[WhiteElo "2431"]
[BlackElo "1918"]
[PlyCount "99"]
[EventDate "2020.07.12"]
[EventType "swiss (rapid)"]
[EventRounds "9"]
[EventCountry "FRA"]
[SourceTitle "EXT 2021"]
[Source "ChessBase"]
[SourceDate "2020.10.23"]
[SourceVersion "1"]
[SourceVersionDate "2020.10.23"]
[SourceQuality "1"]

1. d4 Nf6 2. c4 g6 3. Nc3 Bg7 4. e4 d6 5. Nf3 0-0 6. h3 e5 7. d5 Nh5 8. g3 f5 9. exf5 gxf5 10. Be2 Nf6 11. Bg5 Nbd7 12. Nd2 Qe8 13. Qc2 Qg6 14. Bh4 a6 15. 0-0-0 Rb8 16. Kb1 c6 17. Nb3 b5 18. dxc6 bxc4 19. Bxc4+ d5 20. Nxd5 Nxd5 21. Bxd5+ Kh8 22. cxd7 Bxd7 23. Bc4 Bc6 24. Rhe1 Be4 25. Bd3 Rfc8 26. Qe2 Bc6 27. Bxa6 Re8 28. Ka1 Ba4 29. Bc4 Rec8 30. g4 f4 31. Rc1 Qb6 32. Be7 Rc7 33. Ba3 Rbc8 34. Red1 Bxb3 35. axb3 Qa7 36. Qd2 Bf8 37. Ka2 Bxa3 38. bxa3 Ra8 39. Qb2 Rc5 40. b4 Rb8 41. Bb3 Rcb5 42. h4 R5b7 43. h5 h6 44. Qxe5+ Kh7 45. Bc2+ Kg8 46. Bb3+ Kf8 47. Qf6+ Rf7 48. Bxf7 Qxf7+ 49. Qxf7+ Kxf7 50. f3 1-0

[Event "FRA-chT Top 12 (Women) GpA"]
[Site "Mulhouse"]
[Date "2017.05.07"]
[Round "4.3"]
[White "Guerin, Juliette"]
[Black "Vette, Valerie"]
[Result "1/2-1/2"]
[WhiteElo "1875"]
[BlackElo "1742"]
[PlyCount "71"]
[EventDate "2017.05.05"]
[EventType "team-tourn"]
[EventRounds "5"]
[EventCountry "FRA"]
[SourceTitle "CBM 178 Extra"]
[Source "ChessBase"]
[SourceDate "2017.06.22"]
[SourceVersion "1"]
[SourceVersionDate "2017.06.22"]
[SourceQuality "1"]
[WhiteTeam "Bischwiller (W)"]
[BlackTeam "Vaucluse (W)"]
[WhiteTeamCountry "FRA"]
[BlackTeamCountry "FRA"]

1. e4 c6 2. d4 d5 3. Nc3 dxe4 4. Nxe4 Nd7 5. Ng5 Ngf6 6. Bd3 Qc7 7. N1f3 e6 8. Qe2 Be7 9. 0-0 h6 10. Ne4 Nxe4 11. Qxe4 Nf6 12. Qe2 0-0 13. Ne5 c5 14. dxc5 Bxc5 15. Bf4 Bd6 16. Bg3 b6 17. Rad1 Bb7 18. Ng4 Ne8 19. Be5 Bxe5 20. Nxe5 Nf6 21. Rfe1 Rad8 22. f4 Qc5+ 23. Kh1 Qb4 24. Nc4 Nd5 25. Qe4 g6 26. a3 Qe7 27. Qe5 Qh4 28. Be4 Nf6 29. Bf3 Bxf3 30. gxf3 Nh5 31. Nd6 Qxf4 32. Qxf4 Nxf4 33. Kg1 Rd7 34. Ne4 Rc7 35. c3 Kg7 36. Kf2 1/2-1/2

[Event "FRA-chT Top 12 (Women) GpA"]
[Site "Mulhouse"]
[Date "2017.05.05"]
[Round "1.3"]
[White "Tsulaia, Salome"]
[Black "Guerin, Juliette"]
[Result "0-1"]
[WhiteElo "1488"]
[BlackElo "1875"]
[PlyCount "58"]
[EventDate "2017.05.05"]
[EventType "team-tourn"]
[EventRounds "5"]
[EventCountry "FRA"]
[SourceTitle "CBM 178 Extra"]
[Source "ChessBase"]
[SourceDate "2017.06.22"]
[SourceVersion "1"]
[SourceVersionDate "2017.06.22"]
[SourceQuality "1"]
[WhiteTeam "Strasbourg (W)"]
[BlackTeam "Bischwiller (W)"]
[WhiteTeamCountry "FRA"]
[BlackTeamCountry "FRA"]

1. e4 c5 2. Nf3 e6 3. d4 cxd4 4. Nxd4 Nf6 5. Bd3 Nc6 6. Nb3 d5 7. exd5 Nxd5 8. 0-0 Bd6 9. N1d2 0-0 10. Nf3 b6 11. Be4 Bb7 12. Bxd5 exd5 13. Re1 Qc7 14. c3 d4 15. cxd4 Nb4 16. Bg5 Bxf3 17. Qxf3 Bxh2+ 18. Kh1 Bd6 19. Rac1 Qd7 20. a3 Qb5 21. axb4 Qxg5 22. Qh3 Rfe8 23. Kg1 Bxb4 24. Re3 Rxe3 25. Qxe3 Qd5 26. Nd2 Rd8 27. Nf3 h6 28. Rc7 Qa2 29. Qc1 Bd6 0-1

[Event "FRA-ch U18 Girls"]
[Site "Belfort"]
[Date "2017.04.22"]
[Round "8.4"]
[White "Guerin, Juliette"]
[Black "Aubert, Laurane"]
[Result "0-1"]
[WhiteElo "1945"]
[BlackElo "1998"]
[PlyCount "94"]
[EventDate "2017.04.16"]
[EventType "swiss"]
[EventRounds "9"]
[EventCountry "FRA"]
[SourceTitle "EXT 2019"]
[Source "ChessBase"]
[SourceDate "2018.10.10"]
[SourceVersion "1"]
[SourceVersionDate "2018.10.10"]
[SourceQuality "1"]

1. e4 c5 2. Nf3 e6 3. c3 Nf6 4. e5 Nd5 5. d4 cxd4 6. cxd4 d6 7. Bc4 Nc6 8. 0-0 Be7 9. Qe2 0-0 10. Qe4 Qc7 11. Bd3 f5 12. exf6 Nxf6 13. Qe2 Nb4 14. Bc4 d5 15. Bb3 Nc6 16. Nc3 a6 17. Rd1 Bd6 18. h3 Bd7 19. Be3 Rae8 20. Rac1 Qb8 21. a3 Kh8 22. Qd3 Na5 23. Bc2 Nc4 24. Rb1 Nxe3 25. Qxe3 e5 26. dxe5 Bxe5 27. Nxe5 Rxe5 28. Qg3 Qe8 29. Rbc1 Qe7 30. f4 Re3 31. Re1 Re8 32. Rxe3 Qxe3+ 33. Qxe3 Rxe3 34. Rd1 Bc6 35. Kf2 Re8 36. Rd4 Kg8 37. Bb3 Rd8 38. g4 Kf8 39. g5 Ng8 40. Bxd5 Ne7 41. Bxc6 Rxd4 42. Bxb7 Rd2+ 43. Ke1 Rxb2 44. Bxa6 Rb3 45. Nb5 Nd5 46. f5 Rxh3 47. a4 Nb6 0-1

[Event "Baden-Alsace"]
[Site "Freiburg"]
[Date "2016.09.18"]
[Round "1.27"]
[White "Guerin, Juliette"]
[Black "Geweniger, Tim"]
[Result "1/2-1/2"]
[WhiteElo "1942"]
[BlackElo "1934"]
[PlyCount "108"]
[EventDate "2016.09.18"]
[EventType "team-match"]
[EventRounds "1"]
[EventCountry "GER"]
[SourceTitle "EXT 2018"]
[Source "ChessBase"]
[SourceDate "2017.10.13"]
[SourceVersion "1"]
[SourceVersionDate "2017.10.13"]
[SourceQuality "1"]
[WhiteTeam "Alsace"]
[BlackTeam "Baden"]
[WhiteTeamCountry "FRA"]
[BlackTeamCountry "GER"]

1. e4 e6 2. d4 d5 3. Nd2 Nf6 4. e5 Nfd7 5. c3 c5 6. Bd3 Nc6 7. Ne2 cxd4 8. cxd4 f6 9. Nf4 Nxd4 10. Qh5+ Ke7 11. exf6+ Nxf6 12. Ng6+ hxg6 13. Qxh8 Kf7 14. 0-0 e5 15. Nb3 Nxb3 16. axb3 Bf5 17. Bxf5 gxf5 18. Bg5 Qb6 19. Rac1 Rd8 20. Qh3 g6 21. Bxf6 Kxf6 22. Qh4+ Kg7 23. Rc3 d4 24. Rh3 Kf7 25. Rc1 Bg7 26. Qg5 Rd7 27. Rg3 e4 28. h4 Qf6 29. Qf4 Qe5 30. Qd2 d3 31. h5 Qxb2 32. Qg5 Qf6 33. hxg6+ Ke7 34. Qd2 Qd4 35. Rh3 Kf6 36. Rg3 Ke7 37. Rg5 Kf6 38. Rh5 Ke6 39. b4 a6 40. g4 fxg4 41. Qf4 d2 42. Rd1 Be5 43. Qf5+ Kd6 44. Qxe5+ Qxe5 45. Rxd2+ Kc6 46. Rxe5 Rxd2 47. g7 Rd8 48. Rxe4 Rg8 49. Rxg4 Kd6 50. Kg2 Ke6 51. Kf3 Kf6 52. Ke4 Rxg7 53. Rxg7 Kxg7 54. Kd5 b6 1/2-1/2

[Event "FRA-ch U16 Girls"]
[Site "Pau"]
[Date "2015.04.27"]
[Round "2"]
[White "Guerin, Juliette"]
[Black "Mathey, Fannie"]
[Result "0-1"]
[WhiteElo "1790"]
[BlackElo "1535"]
[PlyCount "78"]
[EventDate "2015.04.26"]
[EventType "swiss"]
[EventRounds "9"]
[EventCountry "FRA"]
[SourceTitle "CBM 166 Extra"]
[Source "ChessBase"]
[SourceDate "2015.06.18"]
[SourceVersion "1"]
[SourceVersionDate "2015.06.18"]
[SourceQuality "1"]

1. e4 e5 2. Nf3 d6 3. Nc3 Nf6 4. d4 exd4 5. Nxd4 Be7 6. Be2 0-0 7. Be3 d5 8. e5 c5 9. exf6 Bxf6 10. Ndb5 d4 11. Bf4 dxc3 12. Nc7 cxb2 13. Rb1 Bc3+ 14. Kf1 Be6 15. Nxa8 Qxd1+ 16. Rxd1 Bxa2 17. Nc7 b1Q 18. Rxb1 Bxb1 19. Bd3 Nc6 20. Bd6 Rc8 21. g3 Be5 22. Bxe5 Nxe5 23. Nd5 Rd8 24. Be4 Bxc2 25. Ne7+ Kf8 26. Bxc2 Kxe7 27. Ke2 b5 28. Ra1 Nc6 29. Be4 Nd4+ 30. Ke3 Rd7 31. Rc1 c4 32. f4 f5 33. Bg2 Nb3 34. Rb1 Rd3+ 35. Kf2 Kd6 36. h3 a5 37. Bf1 Rd2+ 38. Ke3 Rd5 39. g4 Nd2 0-1

[Event "FRA-chT U16"]
[Site "Dieppe"]
[Date "2015.??.??"]
[Round "?"]
[White "Mohammad, Fahim"]
[Black "Guerin, Juliette"]
[Result "1-0"]
[WhiteElo "2150"]
[BlackElo "1730"]
[PlyCount "71"]
[EventDate "2015.05.??"]
[EventType "team-tourn"]
[EventRounds "6"]
[EventCountry "FRA"]
[SourceTitle "EXT 2016"]
[Source "ChessBase"]
[SourceDate "2015.10.08"]
[SourceVersion "1"]
[SourceVersionDate "2015.10.08"]
[SourceQuality "1"]

1. d4 Nf6 2. Nf3 g6 3. c4 Bg7 4. Nc3 0-0 5. e4 d6 6. Be2 e5 7. Be3 Ng4 8. Bg5 f6 9. Bh4 g5 10. Bg3 Nh6 11. d5 f5 12. exf5 Nxf5 13. Nd2 Nd7 14. Nde4 Qe7 15. 0-0 h6 16. b4 a5 17. a3 Nd4 18. Bg4 Nf6 19. Bxc8 Rfxc8 20. c5 a4 21. Nxf6+ Bxf6 22. Nxa4 Qd7 23. Nc3 Bg7 24. Re1 Re8 25. Qd3 dxc5 26. bxc5 Nb3 27. Rad1 Nxc5 28. Qc4 b6 29. d6+ Kh8 30. Nb5 c6 31. Nc7 Ra4 32. Qc2 Rf8 33. Bxe5 Rf7 34. Bxg7+ Rxg7 35. Re8+ Rg8 36. Re7 1-0

[Event "FRA-ch U14 Girls"]
[Site "Montbeliard"]
[Date "2014.04.21"]
[Round "1"]
[White "Bassini, Nina"]
[Black "Guerin, Juliette"]
[Result "0-1"]
[WhiteElo "1377"]
[BlackElo "1637"]
[PlyCount "48"]
[EventDate "2014.04.21"]
[EventType "swiss"]
[EventRounds "9"]
[EventCountry "FRA"]
[SourceTitle "CBM 160 Extra"]
[Source "ChessBase"]
[SourceDate "2014.07.01"]
[SourceVersion "1"]
[SourceVersionDate "2014.07.01"]
[SourceQuality "1"]

1. e4 e5 2. Nf3 Nc6 3. Bc4 Bc5 4. Nc3 Nf6 5. d3 d6 6. Bg5 h6 7. Bh4 g5 8. Bg3 Qe7 9. Qd2 Bg4 10. h4 Bxf3 11. gxf3 Nd4 12. Qd1 0-0-0 13. Nd5 Nxd5 14. Bxd5 Qf6 15. c3 Nxf3+ 16. Kf1 gxh4 17. Bxh4 Qf4 18. Bxd8 Nd2+ 19. Kg2 Rg8+ 20. Kh3 Nf3 21. Qg1 Nxg1+ 22. Raxg1 Qf3+ 23. Kh4 Bxf2+ 24. Rg3 Qg4# 0-1

[Event "FRA-chT U20"]
[Site "Colmar"]
[Date "2013.12.08"]
[Round "?"]
[White "Koch, Pauline"]
[Black "Guerin, Juliette"]
[Result "0-1"]
[WhiteElo "1466"]
[BlackElo "1634"]
[PlyCount "126"]
[EventDate "2013.12.07"]
[EventType "swiss"]
[EventRounds "6"]
[EventCountry "FRA"]
[SourceTitle "EXT 2015"]
[Source "ChessBase"]
[SourceDate "2014.11.20"]
[SourceVersion "1"]
[SourceVersionDate "2014.11.20"]
[SourceQuality "1"]

1. d4 Nf6 2. Nf3 g6 3. c4 Bg7 4. Nc3 d5 5. cxd5 Nxd5 6. Bd2 0-0 7. Rc1 Nb6 8. e3 N8d7 9. Be2 c5 10. dxc5 Nxc5 11. Qc2 Bg4 12. e4 Rc8 13. Qb1 Qd7 14. Rd1 Bxf3 15. gxf3 Qh3 16. Bf4 Ne6 17. Bg3 Nd4 18. Rd3 Nxe2 19. Kxe2 f5 20. exf5 Qxf5 21. Re3 Qc5 22. Qe4 Nc4 23. Qe6+ Kh8 24. Ne4 Qf5 25. Ng5 Qxg5 26. h4 Qf5 27. Qxf5 gxf5 28. Rxe7 Rfe8 29. Rxe8+ Rxe8+ 30. Kd1 Nxb2+ 31. Kc1 Nd3+ 32. Kd2 Ne5 33. Bxe5 Bxe5 34. Rb1 b6 35. Rb5 Bf4+ 36. Kd3 Re5 37. Rb4 Rd5+ 38. Ke2 Bd6 39. Rc4 Ra5 40. a4 b5 41. axb5 Rxb5 42. Rc6 Bb8 43. Rc8+ Kg7 44. Rc6 Rb6 45. Rc4 Rb2+ 46. Ke1 a5 47. Ra4 Bc7 48. Kf1 Bb6 49. Ke1 Rxf2 50. Rxa5 Bxa5+ 51. Kxf2 Kg6 52. Kg2 Kh5 53. Kg3 Bc7+ 54. f4 Bd6 55. Kh3 Bxf4 56. Kg2 Kxh4 57. Kf3 Bg3 58. Kg2 f4 59. Kh1 f3 60. Kg1 f2+ 61. Kg2 Kg4 62. Kf1 Kh3 63. Ke2 Kg2 0-1

[Event "FRA-chT U20"]
[Site "Colmar"]
[Date "2013.12.07"]
[Round "?"]
[White "Burri, Quentin"]
[Black "Guerin, Juliette"]
[Result "1-0"]
[WhiteElo "2052"]
[BlackElo "1634"]
[PlyCount "81"]
[EventDate "2013.12.07"]
[EventType "swiss"]
[EventRounds "6"]
[EventCountry "FRA"]
[SourceTitle "EXT 2015"]
[Source "ChessBase"]
[SourceDate "2014.11.20"]
[SourceVersion "1"]
[SourceVersionDate "2014.11.20"]
[SourceQuality "1"]

1. e4 e5 2. Nf3 Nc6 3. d4 exd4 4. Nxd4 Bc5 5. Nb3 Bb6 6. Qe2 Nge7 7. Nc3 0-0 8. Be3 f5 9. 0-0-0 f4 10. Bxb6 axb6 11. f3 Ne5 12. Nd4 d6 13. Kb1 Bd7 14. Qd2 Kh8 15. a3 N7c6 16. Nde2 Nc4 17. Qc1 Ne3 18. Re1 Qg5 19. g3 fxg3 20. Nxg3 Rxf3 21. Nd5 Nd4 22. Nxe3 Qc5 23. Bd3 b5 24. Rhf1 Rxf1 25. Rxf1 b4 26. Nef5 Nc6 27. Qg5 Rg8 28. Nh5 bxa3 29. Nh6 Be6 30. Qxc5 a2+ 31. Ka1 dxc5 32. Nxg8 Kxg8 33. Nf4 Bf7 34. Nd5 Ne5 35. Nxc7 Ng4 36. h3 Ne3 37. Rf3 Ng2 38. e5 Ne1 39. Rf1 Ng2 40. e6 Bh5 41. e7 1-0

[Event "EU-ch U14 Girls 23rd"]
[Site "Budva"]
[Date "2013.10.01"]
[Round "3"]
[White "Guerin, Juliette"]
[Black "Toporkova, Sofia"]
[Result "0-1"]
[WhiteElo "1626"]
[BlackElo "1799"]
[PlyCount "126"]
[EventDate "2013.09.29"]
[EventType "swiss"]
[EventRounds "9"]
[EventCountry "MNE"]
[SourceTitle "EXT 2014"]
[Source "ChessBase"]
[SourceDate "2013.11.20"]
[SourceVersion "1"]
[SourceVersionDate "2013.11.20"]
[SourceQuality "1"]

1. e4 e5 2. Nf3 Nc6 3. Bc4 Nf6 4. d3 Bc5 5. c3 d6 6. Bb3 h6 7. Nbd2 0-0 8. Nf1 Ng4 9. Ne3 Nxe3 10. Bxe3 Bxe3 11. fxe3 Kh8 12. h3 f5 13. exf5 Bxf5 14. e4 Bd7 15. Qe2 b5 16. g4 Qf6 17. Rf1 Qf4 18. Qf2 a5 19. Bd5 Rae8 20. Kd1 Ne7 21. Bb3 a4 22. Bc2 d5 23. Ke1 h5 24. Nd2 Qxf2+ 25. Rxf2 hxg4 26. hxg4 Bxg4 27. Rh2+ Kg8 28. Bd1 Rf4 29. exd5 Nxd5 30. Ne4 Ne3 31. Bxg4 Nxg4 32. Rh3 Ref8 33. Ke2 Nf2 34. Nxf2 Rxf2+ 35. Ke3 Rxb2 36. Rah1 Rff2 37. Ke4 Rxa2 38. Rh8+ Kf7 39. Ra8 a3 40. Kxe5 Rae2+ 41. Kd4 a2 42. Ra1 g5 43. Ra7 g4 44. Rxc7+ Kg6 45. Rc8 Rb2 46. Ra8 Kg5 47. Ke3 Rbe2+ 48. Kd4 g3 49. Rg8+ Kh4 50. Rh8+ Kg4 51. Rhh1 g2 52. Rhg1 Kg3 53. Kc5 Re5+ 54. Kb4 Ref5 55. Kb3 Rf1 56. Rxg2+ Kxg2 57. Rxa2+ R5f2 58. Rxf2+ Kxf2 59. Kb4 Ke3 60. d4 Rb1+ 61. Kc5 Kd3 62. c4 bxc4 63. d5 c3 0-1

[Event "EU-ch U14 Girls 23rd"]
[Site "Budva"]
[Date "2013.09.30"]
[Round "2"]
[White "Keen, Cosima C"]
[Black "Guerin, Juliette"]
[Result "0-1"]
[WhiteElo "1744"]
[BlackElo "1626"]
[PlyCount "70"]
[EventDate "2013.09.29"]
[EventType "swiss"]
[EventRounds "9"]
[EventCountry "MNE"]
[SourceTitle "EXT 2014"]
[Source "ChessBase"]
[SourceDate "2013.11.20"]
[SourceVersion "1"]
[SourceVersionDate "2013.11.20"]
[SourceQuality "1"]

1. d4 d5 2. Bf4 c5 3. c3 Nf6 4. e3 Qb6 5. Qc2 Nc6 6. Nf3 c4 7. Nbd2 Bg4 8. Be2 e6 9. 0-0 Be7 10. h3 Bf5 11. Qc1 h6 12. Ne5 Nxe5 13. Bxe5 0-0 14. f3 Rac8 15. Bxf6 Bxf6 16. e4 Bh7 17. e5 Bxe5 18. f4 Bf6 19. Nf3 Rfd8 20. g4 Qc7 21. g5 hxg5 22. fxg5 Qg3+ 23. Kh1 Qxh3+ 24. Kg1 Qg3+ 25. Kh1 Be7 26. Qe1 Qh3+ 27. Kg1 Be4 28. Rf2 Bxg5 29. Qf1 Qxf1+ 30. Rfxf1 Be3+ 31. Kh2 f6 32. Nh4 Kh7 33. Ng2 Bg5 34. Bg4 Rc6 35. b4 Rh8 0-1

[Event "EU-ch U14 Girls 23rd"]
[Site "Budva"]
[Date "2013.09.29"]
[Round "1"]
[White "Guerin, Juliette"]
[Black "Egyed, Judit"]
[Result "0-1"]
[WhiteElo "1626"]
[BlackElo "1873"]
[PlyCount "56"]
[EventDate "2013.09.29"]
[EventType "swiss"]
[EventRounds "9"]
[EventCountry "MNE"]
[SourceTitle "EXT 2014"]
[Source "ChessBase"]
[SourceDate "2013.11.20"]
[SourceVersion "1"]
[SourceVersionDate "2013.11.20"]
[SourceQuality "1"]

1. e4 c5 2. Ne2 d6 3. d4 cxd4 4. Nxd4 Nf6 5. Nc3 a6 6. Be2 e5 7. Nb3 Be7 8. Be3 Be6 9. 0-0 0-0 10. f4 exf4 11. Rxf4 Nc6 12. Nd5 Bxd5 13. exd5 Ne5 14. Rb4 Qd7 15. Rd4 Rac8 16. c3 Bd8 17. Rf4 Re8 18. Qd4 Ng6 19. Bg4 Nxg4 20. Rxg4 Bf6 21. Qd1 Rxe3 22. Kh1 Rce8 23. Rg3 Rxg3 24. hxg3 Qf5 25. g4 Qf4 26. Nd2 Nh4 27. Nf1 Qf2 28. Qd2 Re2 0-1

[Event "FRA-ch U14 Girls"]
[Site "Saint Paul Trois Chateaux"]
[Date "2013.05.01"]
[Round "4"]
[White "Guerin, Juliette"]
[Black "Broly, Mathilde"]
[Result "0-1"]
[WhiteElo "1567"]
[BlackElo "1759"]
[PlyCount "150"]
[EventDate "2013.04.28"]
[EventType "swiss"]
[EventRounds "9"]
[EventCountry "FRA"]
[SourceTitle "CBM 154 Extra"]
[Source "ChessBase"]
[SourceDate "2013.06.25"]
[SourceVersion "2"]
[SourceVersionDate "2013.06.25"]
[SourceQuality "1"]

1. e4 d6 2. d4 Nf6 3. Nc3 Nbd7 4. g4 h6 5. h3 c6 6. Nge2 b5 7. a3 a5 8. Bg2 Rb8 9. Ng3 Bb7 10. f4 b4 11. Nce2 e5 12. 0-0 Qc7 13. Be3 Rd8 14. Qe1 c5 15. d5 Nb6 16. b3 Bc8 17. axb4 axb4 18. Qf2 Be7 19. Nf5 Bxf5 20. gxf5 Nfd7 21. c3 exf4 22. Bxf4 Bf6 23. Rac1 bxc3 24. Nxc3 Ne5 25. Qe2 Qe7 26. Nb5 Ra8 27. b4 c4 28. Be3 Rb8 29. Rc2 0-0 30. Kh1 Bg5 31. Bxg5 hxg5 32. Nd4 Qf6 33. Bf3 Nxf3 34. Nxf3 Rfe8 35. Rg1 Nxd5 36. Nxg5 Nxb4 37. Rxc4 d5 38. Rc7 Re7 39. Rxe7 Qxe7 40. Qh5 Qc7 41. Qh7+ Kf8 42. exd5 Qe5 43. Qh8+ Ke7 44. d6+ Qxd6 45. Re1+ Kd7 46. Qh5 Qd5+ 47. Ne4 Nc2 48. Rd1 Nd4 49. Qg4 Ke7 50. Kg1 Qe5 51. Nc3 Nxf5 52. Qg5+ Kf8 53. Rd8+ Rxd8 54. Qxd8+ Qe8 55. Qd2 g6 56. Nd5 Qe5 57. Nf4 Kg7 58. Kf2 Qc5+ 59. Kg2 Qa3 60. Nd3 Qa8+ 61. Kf2 Qe4 62. Nc1 Qh4+ 63. Kg1 Qxh3 64. Qb2+ Kh7 65. Qf2 Qg3+ 66. Qxg3 Nxg3 67. Kg2 Ne4 68. Ne2 g5 69. Nd4 Kg6 70. Kf3 Nd6 71. Kg4 f5+ 72. Kf3 Kf6 73. Kg3 Ne4+ 74. Kf3 Ke5 75. Nc6+ Kd5 0-1

[Event "FRA-chT U20 GpA 1213"]
[Site "France"]
[Date "2013.01.04"]
[Round "4"]
[White "Claustre, Jordan"]
[Black "Guerin, Juliette"]
[Result "1-0"]
[WhiteElo "1714"]
[BlackElo "1591"]
[PlyCount "139"]
[EventDate "2012.12.01"]
[EventType "team"]
[EventRounds "7"]
[EventCountry "FRA"]
[SourceTitle "EXT 2014"]
[Source "ChessBase"]
[SourceDate "2013.11.20"]
[SourceVersion "1"]
[SourceVersionDate "2013.11.20"]
[SourceQuality "1"]
[WhiteTeam "Sainte Foy (U20)"]
[BlackTeam "Bischwiller (U20)"]
[WhiteTeamCountry "FRA"]
[BlackTeamCountry "FRA"]

1. e4 e5 2. Nf3 Nc6 3. Bb5 a6 4. Ba4 Nf6 5. 0-0 b5 6. Bb3 Bc5 7. c3 d6 8. Re1 0-0 9. d4 Bb6 10. Bg5 Bg4 11. Bd5 Qd7 12. Bxf6 gxf6 13. Qd3 Rab8 14. Nbd2 Kh8 15. Nf1 Ne7 16. Bb3 Ng6 17. Bd1 Nf4 18. Qd2 Rg8 19. Ng3 Rg6 20. Nh4 Rg5 21. Bxg4 Qxg4 22. Nf3 Rg6 23. a4 h5 24. h4 b4 25. a5 Ba7 26. Kh2 Rd8 27. Ra4 bxc3 28. bxc3 Rb8 29. Raa1 c5 30. dxe5 fxe5 31. c4 Rg7 32. Qxd6 Rb2 33. Rf1 Ne2 34. Qxe5 Rb3 35. Qxh5+ Qxh5 36. Nxh5 Bb8+ 37. e5 Rg4 38. Ng3 Nd4 39. Rab1 Nxf3+ 40. gxf3 Rxh4+ 41. Kg2 Rxb1 42. Rxb1 Bxe5 43. Ne4 Rh2+ 44. Kg1 Rh4 45. Rb6 Bh2+ 46. Kg2 Bc7 47. Rxa6 Rh5 48. Ra7 Bf4 49. Rxf7 Bc1 50. a6 Rh6 51. a7 Rg6+ 52. Kf1 Ra6 53. Rf8+ Kg7 54. a8Q Rxa8 55. Rxa8 Bb2 56. Nxc5 Kf7 57. Ra6 Bd4 58. Ne4 Be5 59. c5 Ke7 60. Ke2 Kd7 61. Kd3 Bb8 62. Kc4 Kc7 63. Rb6 Ba7 64. Rh6 Kd8 65. Rh8+ Kc7 66. Rh7+ Kb8 67. Rxa7 Kxa7 68. Kd5 Kb7 69. Kd6 Kc8 70. Kc6 1-0

[Event "FRA-chT U20 GpA 1213"]
[Site "France"]
[Date "2012.12.02"]
[Round "3"]
[White "Guerin, Juliette"]
[Black "Guerry, Emilien"]
[Result "1/2-1/2"]
[WhiteElo "1591"]
[BlackElo "1582"]
[PlyCount "46"]
[EventDate "2012.12.01"]
[EventType "team"]
[EventRounds "7"]
[EventCountry "FRA"]
[SourceTitle "EXT 2014"]
[Source "ChessBase"]
[SourceDate "2013.11.20"]
[SourceVersion "1"]
[SourceVersionDate "2013.11.20"]
[SourceQuality "1"]
[WhiteTeam "Bischwiller (U20)"]
[BlackTeam "Mulhouse (U20)"]
[WhiteTeamCountry "FRA"]
[BlackTeamCountry "FRA"]

1. e4 c5 2. Ne2 Nc6 3. Nbc3 e6 4. d4 cxd4 5. Nxd4 Qc7 6. Be3 a6 7. a3 Nf6 8. Be2 Be7 9. f4 d6 10. 0-0 0-0 11. Bf3 e5 12. Nxc6 Qxc6 13. f5 b5 14. Qe1 Bb7 15. Qg3 Kh8 16. Rad1 Qc4 17. Bg5 Rfe8 18. Rfe1 a5 19. Be2 Qc5+ 20. Be3 Qc7 21. Bxb5 Rec8 22. Bf2 Rab8 23. Ba4 Ba6 1/2-1/2

[Event "FRA-chT U20"]
[Site "France"]
[Date "2012.05.28"]
[Round "?"]
[White "Beneteau Desmoulieres, Mael"]
[Black "Guerin, Juliette"]
[Result "0-1"]
[WhiteElo "1319"]
[BlackElo "1550"]
[PlyCount "50"]
[EventDate "2012.05.26"]
[EventType "team-swiss"]
[EventRounds "9"]
[EventCountry "FRA"]
[SourceTitle "EXT 2014"]
[Source "ChessBase"]
[SourceDate "2013.11.20"]
[SourceVersion "1"]
[SourceVersionDate "2013.11.20"]
[SourceQuality "1"]

1. e4 e5 2. Nf3 Nc6 3. c3 d5 4. Qa4 dxe4 5. Nxe5 Bd7 6. Nxd7 Qxd7 7. Bb5 Nf6 8. 0-0 Be7 9. Bxc6 bxc6 10. Qd4 Bd6 11. Re1 0-0 12. c4 Bxh2+ 13. Kxh2 Qxd4 14. Kg1 Ng4 15. Re2 Qxc4 16. Nc3 f5 17. b3 Qf7 18. Bb2 Qh5 19. Ree1 Qh4 20. Nd1 Qh2+ 21. Kf1 Qh1+ 22. Ke2 Qxg2 23. Rc1 f4 24. d3 Qf3+ 25. Kd2 Qxd3# 0-1